| 000 -ლიდერი |
| ფიქსირებული სიგრძის საკონტროლო ველი |
01344nam a2200253Ia 4500 |
| 001 - საკონტროლო ნომერი |
| საკონტროლო ველი |
7466 |
| 003 - საკონტროლო ნომრის იდენტიფიკატორი |
| საკონტროლო ველი |
GE_BSU |
| 005 - ბოლო ოპერაციის თარიღი და დრო |
| საკონტროლო ველი |
20231211152843.0 |
| 008 - ფიქსირებული სიგრძის მონაცემთა ელემენტები - ზოგადი ინფორმაცია |
| ფიქსირებული სიგრძის საკონტროლო ველი |
181216s1968||||ge |||||||||||||| ||geo|| |
| 040 ## - კატალოგიზაციის წყარო |
| Transcribing agency |
GE_BSU |
| 041 ## - ენის კოდი |
| Language code of text/sound track or separate title |
geo |
| 080 ## - უნივერსალური ათობითი კლასიფიკაციის ინდექსი |
| Universal Decimal Classification number |
821.353.1-31 დ- 26 |
| 100 ## - მთავარი ჩანაწერი - პიროვნების სახელი |
| Personal name |
დგებუაძე-ფულარია, ფუცუ |
| 9 (RLIN) |
20637 |
| 245 ## - ცნობა სათაურის შესახებ |
| Title |
ოქროს ბეჭედი : |
| Remainder of title |
რომანი ; მოგონებები ; ქართველი მოღვაწე ქალები / |
| Statement of responsibility, etc |
ფუცუ დგებუაძე-ფულარია ; რედ. : ლ. სულაბერიძე, მ. ქოიავა ; მხატვ. ო. ჯიშკარიანი. |
| 264 ## - წარმოების, გამოცემის, დისტრიბუციის და სხვა ცნობები |
| გამოცემის, წარმოების, დისტრიბუციის... ადგილი |
თბილისი : |
| გამოცემის, წარმოების, დისტრიბუციის... სახელწოდება |
ლიტერატურა და ხელოვნება, |
| გამოცემის, წარმოების, დისტრიბუციის... თარიღი |
1968. |
| 300 ## - ფიზიკური აღწერა |
| Extent |
825 გვ. ; |
| Dimensions |
22 სმ. |
| 653 ## - INDEX TERM--UNCONTROLLED |
| Uncontrolled term |
ოქროს ბეჭედი |
| 653 ## - INDEX TERM--UNCONTROLLED |
| Uncontrolled term |
რომანი- მოგონებები |
| 653 ## - INDEX TERM--UNCONTROLLED |
| Uncontrolled term |
ქართველი მოღვაწე ქალები |
| 700 ## - ADDED ENTRY--PERSONAL NAME |
| Personal name |
სულაბერიძე, ლ. |
| Relator term |
რედაქტორი |
| 9 (RLIN) |
20659 |
| 700 ## - ADDED ENTRY--PERSONAL NAME |
| Personal name |
ქოიავა, მ. |
| Relator term |
რედაქტორი |
| 9 (RLIN) |
4864 |
| 700 ## - ADDED ENTRY--PERSONAL NAME |
| Personal name |
ჯიშკარიანი, ო. |
| Relator term |
რედაქტორი |
| 9 (RLIN) |
4870 |
| 942 ## - ADDED ENTRY ELEMENTS (KOHA) |
| Koha item type |
წიგნი |
| Source of classification or shelving scheme |
|